000
00305nam a2200121Ia 4500
008
190216s9999||||xx |||||||||||||| ||und||
100
_a
Dustoor P E&Amp; Dustoor Homai P
245
4
_a
The Poet`S Pen
260
_b
Oxford University Press
_c
1972
300
_a
199p
650
_a
English Poetry
942
_c
BK
999
_c
12499
_d
12499